书目信息 |
| 题名: |
网上开店赚外汇
|
|
| 作者: | Freeman , Yam , 弗里曼荫Freeman Yam 编著 | |
| 分册: | ||
| 出版信息: | 北京 电子工业出版社 20068.03 |
|
| 页数: | 322页 | |
| 开本: | 26cm | |
| 丛书名: | ||
| 单 册: | ||
| 中图分类: | F713.36 | |
| 科图分类: | ||
| 主题词: | 商业经济--国内 | |
| 电子资源: | ||
| ISBN: | 978-7-121-05846-2 | |
| 000 | 00825 nam 000277 | |
| 001 | 0100005789 | |
| 005 | 20091117151940.98 | |
| 010 | @a978-7-121-05846-2@dCNY32.00 | |
| 100 | @a20080801d2006 em y0chiy0121 ea | |
| 101 | @achi | |
| 102 | @aCN | |
| 105 | @ay z 000yy | |
| 106 | @ar | |
| 200 | 10 | @a网上开店赚外汇@9wang shang kai dian zhuan wai hui@eeBay外贸全攻略@f弗里曼荫Freeman Yam编著@Ffu li man yin Freeman Yam bian zhu |
| 210 | @a北京@c电子工业出版社@d20068.03 | |
| 215 | @a322页@d26cm | |
| 517 | 1 | @aeBay外贸全攻略 |
| 540 | @a网上开店赚外汇 | |
| 606 | @a商业经济@x国内 | |
| 690 | @aF713.36@v4 | |
| 701 | 0 | @aFreeman@9@4编著 |
| 701 | 1 | @aYam@9@4编著 |
| 701 | 0 | @a弗里曼荫Freeman Yam@Afu li man yin Freeman Yam@4编著 |
| 801 | @aCN@c20091117 | |
| 901 | @a000010 | |
| 905 | @b682156-8@dF713.36@eF594@f3 | |
| 网上开店赚外汇:eBay外贸全攻略/弗里曼荫Freeman Yam编著.-北京:电子工业出版社,20068.03 |
| 322页;26cm |
| ISBN 978-7-121-05846-2:CNY32.00 |
| ● |
| 相关链接 |
|
|
|
正题名:网上开店赚外汇
索取号:F713.36/F594
 
预约/预借
| 序号 | 登录号 | 条形码 | 馆藏地/架位号 | 状态 | 备注 |
| 1 | 682156 | 206821563 | 社科库409/409社科库 41排5列5层/ [索取号:F713.36/F594] | 在馆 | |
| 2 | 682157 | 206821572 | 社科库409/409社科库 41排5列5层/ [索取号:F713.36/F594] | 在馆 | |
| 3 | 682158 | 206821581 | 社科二线422/409社科库 41排5列5层/ [索取号:F713.36/F594] | 在馆 |